Assembly of structural components of a bus

Montovanie hlavných konštrukčných súčiastok autobusov vyrobených na Slovensku. Grafické znázornenie konštrukčných prvkov. Proces konštrukcie.

Gespeichert in:
Bibliographische Detailangaben
1. Verfasser: Andrejkovič, Marek
Weitere Verfasser: Hajduová, Zuzana, 1974-, Majerník, Milan, Bosák, Martin, 1967-
Format: Buchkapitel
Sprache:Englisch
Schlagworte:
Tags: Tag hinzufügen
Keine Tags, Fügen Sie das erste Tag hinzu!

MARC

LEADER 00000naa$a2200000$$$4500
001 0160861
005 20240502083357.3
041 0 |a eng 
044 |a RS 
245 1 0 |a Assembly of structural components of a bus  |c Marek Andrejkovič, Zuzana Hajduová, Milan Majerník, Martin Bosák 
520 |a Montovanie hlavných konštrukčných súčiastok autobusov vyrobených na Slovensku. Grafické znázornenie konštrukčných prvkov. Proces konštrukcie. 
610 2 0 |a autobusy 
610 2 0 |a štruktúra výroby 
610 2 0 |a proces výrobný 
100 1 |a Andrejkovič, Marek 
700 1 |a Hajduová, Zuzana, 1974- 
700 1 |a Majerník, Milan 
700 1 |a Bosák, Martin, 1967-